000 00748 a2200217 4500
010 _aENG-88522
020 _c1480.00
_a9788184500226
035 _aEN-72055
037 _bDBAD / PUB
082 1 4 _a338.70905
090 _c8789
_d8789
245 1 _aBusiness challenges in the 21st century:
_cedited by Prem Kumar [and] Parvinder Arora
_bpreparing for the future/
260 _aNew Delhi
_bDeep & Deep Publications
_c2007
270 _aF-159, Rajouri Garden
_bNew Delhi
_e110 027
300 _axiv, 513p.
_c22cm (Hb)
500 _aIncludes index
700 _aPrem Kumar
700 _aArora, Parvinder
942 _adpl
_cEN
_k338.70905 / BUS
999 _c8630
_d8630